000 00622nam a22002057a 4500
999 _c63298
_d63298
005 20240530110633.0
008 170912s2015 uk h f b 000 0 eng d
020 _a9789351522447
040 _aEG-CaGPL
082 0 4 _221
_a618.92
_bLG
100 1 _aLevine, Glenn N
245 1 0 _aColor Atlas of Cardiovascular Disease /
_cGlenn N Levine
260 _aLondon :
_bThe Health Sciences Publisher ,
_c2015.
300 _a1023 p. :
_bill ؛
_c20 cm.
504 _aIncludes bibliographical references
650 0 0 _aDISEASES
650 0 0 _aMEDICAL BOOK
942 _2ddc
_cBK